| 000 | 00370nam a22001217a 4500 | ||
|---|---|---|---|
| 008 | 230621b xxu||||| |||| 00| 0 eng d | ||
| 082 |
_a328.17 _bTEL |
||
| 100 | _cBengt Telin | ||
| 245 |
_aLearning to live in security _bSwedish pilot project on peace, Disarmanent, security and development |
||
| 260 |
_aparis _bUNESCO _c1991 |
||
| 300 | _avarious panging | ||
| 942 |
_2ddc _cBK |
||
| 999 |
_c1944 _d1944 |
||